Amara lekha. (Record no. 88012)

MARC details
000 -LEADER
fixed length control field 00538cam a22002171 4500
001 - CONTROL NUMBER
control field sa 68017859
003 - CONTROL NUMBER IDENTIFIER
control field DLC
005 - DATE AND TIME OF LATEST TRANSACTION
control field 20260227112706.0
008 - FIXED-LENGTH DATA ELEMENTS--GENERAL INFORMATION
fixed length control field 940826m19679999ii 000 0 pano
010 ## - LIBRARY OF CONGRESS CONTROL NUMBER
LC control number sa 68017859
025 ## - OVERSEAS ACQUISITION NUMBER
Overseas acquisition number PL480:I-Pu-1191
035 ## - SYSTEM CONTROL NUMBER
System control number (OCoLC)31021002
040 ## - CATALOGING SOURCE
Original cataloging agency DLC
Transcribing agency CU
Modifying agency CU
-- DLC
042 ## - AUTHENTICATION CODE
Authentication code premarc
050 00 - LIBRARY OF CONGRESS CALL NUMBER
Classification number BL2018
Item number .B57
100 0# - MAIN ENTRY--PERSONAL NAME
Personal name Wīra Siṅgha,
Titles and words associated with a name Bhai.
245 10 - TITLE STATEMENT
Title Amara lekha.
260 ## - PUBLICATION, DISTRIBUTION, ETC.
Name of publisher, distributor, etc. [for Bhai Vir Singh Sahitya Sadan]
Date of publication, distribution, etc. 1967-
300 ## - PHYSICAL DESCRIPTION
Extent v.
Dimensions 19 cm.
500 ## - GENERAL NOTE
General note In Panjabi.

No items available.

Powered by Koha